000 00307 a2200133 4500
001 155808
040 _cEscola São Tomás de Aquino
100 _aWHEATLEY, Abigail
240 1 0 _aA vida no passado
_lpor
245 1 0 _aA vida no passado
362 0 _a2015
697 _a*LITERATURA INFANTIL
942 _cBK
999 _c155808
_d155808